[Event "SVK-chT3A2 2223"]
[Site "Slovakia"]
[Date "2023.03.19"]
[Round "9.3"]
[White "Lauko, Tomas"]
[Black "Lanik, Miroslav"]
[Result "1/2-1/2"]
[WhiteElo "1741"]
[BlackElo "1906"]
[PlyCount "52"]
[EventDate "2022.10.16"]
[EventType "team-tourn"]
[EventRounds "9"]
[EventCountry "SVK"]
[SourceTitle "EXT 2024"]
[Source "ChessBase"]
[SourceDate "2023.10.10"]
[SourceVersion "1"]
[SourceVersionDate "2023.10.10"]
[SourceQuality "1"]
[WhiteTeam "Gbely Nafta"]
[BlackTeam "Senica SK"]
[WhiteTeamCountry "SVK"]
[BlackTeamCountry "SVK"]

1. e4 c5 2. Nf3 d6 3. b3 Nf6 4. Nc3 Nc6 5. Bb2 a6 6. d4 cxd4 7. Nxd4 Bd7 8. g3 g6 9. Bg2 Bg7 10. Qd3 0-0 11. 0-0-0 Rc8 12. Nxc6 Bxc6 13. f4 Qc7 14. Rd2 b5 15. Re1 Rfd8 16. Nd5 Bxd5 17. exd5 b4 18. Rde2 Re8 19. h4 a5 20. Bh3 Ra8 21. Qb5 Rab8 22. Qc6 Qa7 23. f5 Rbc8 24. Qb5 Rb8 25. Qc4 Rbc8 26. Qb5 Rb8 1/2-1/2

[Event "SVK-chT3A2 2223"]
[Site "Slovakia"]
[Date "2023.01.22"]
[Round "5.3"]
[White "Bella, Julius"]
[Black "Lanik, Miroslav"]
[Result "1/2-1/2"]
[WhiteElo "1902"]
[BlackElo "1906"]
[PlyCount "87"]
[EventDate "2022.10.16"]
[EventType "team-tourn"]
[EventRounds "9"]
[EventCountry "SVK"]
[SourceTitle "EXT 2024"]
[Source "ChessBase"]
[SourceDate "2023.10.10"]
[SourceVersion "1"]
[SourceVersionDate "2023.10.10"]
[SourceQuality "1"]
[WhiteTeam "Surovce"]
[BlackTeam "Senica SK"]
[WhiteTeamCountry "SVK"]
[BlackTeamCountry "SVK"]

1. e4 c5 2. Nf3 d6 3. d4 cxd4 4. Nxd4 Nf6 5. Nc3 a6 6. f3 e5 7. Nb3 Be6 8. Be3 Be7 9. Qd2 0-0 10. 0-0-0 b5 11. g4 Nbd7 12. Kb1 Nb6 13. Qf2 Nfd7 14. h4 b4 15. Nd5 Bxd5 16. exd5 a5 17. Bd3 a4 18. Nc1 a3 19. b3 Ra5 20. Be4 Qc7 21. Qd2 Rc8 22. Rh2 Nf6 23. Bxb6 Qxb6 24. g5 Nh5 25. Qf2 Qxf2 26. Rxf2 Nf4 27. Ne2 Nxe2 28. Rxe2 g6 29. f4 f5 30. gxf6 Bxf6 31. fxe5 Bxe5 32. Rg2 Bg7 33. Bf3 Re8 34. Bg4 Rf8 35. Be6+ Kh8 36. Rg4 Rb5 37. Rdg1 Rb7 38. Kc1 Rc7 39. Rxb4 Bb2+ 40. Kd1 Rf2 41. Rc4 Rxc4 42. bxc4 Bd4 43. Rh1 Kg7 44. Bd7 1/2-1/2

[Event "SVK-chT3A2 1819"]
[Site "Slovakia"]
[Date "2018.10.07"]
[Round "1.5"]
[White "Lanik, Miroslav"]
[Black "Sefcik, Marek"]
[Result "1/2-1/2"]
[WhiteElo "1850"]
[BlackElo "2027"]
[PlyCount "82"]
[EventDate "2018.10.07"]
[EventType "team-tourn"]
[EventRounds "11"]
[EventCountry "SVK"]
[SourceTitle "EXT 2020"]
[Source "ChessBase"]
[SourceDate "2019.10.17"]
[SourceVersion "1"]
[SourceVersionDate "2019.10.17"]
[SourceQuality "1"]
[WhiteTeam "Senica SK"]
[BlackTeam "Holic"]
[WhiteTeamCountry "SVK"]
[BlackTeamCountry "SVK"]

1. e4 c5 2. Nf3 e6 3. d4 cxd4 4. Nxd4 Bc5 5. Nb3 Bb6 6. Nc3 Ne7 7. Qe2 0-0 8. Be3 f5 9. f3 fxe4 10. fxe4 Nbc6 11. 0-0-0 Ne5 12. h3 N7g6 13. Nd4 Qh4 14. Nf3 Bxe3+ 15. Qxe3 Qg3 16. Ne2 Rxf3 17. gxf3 Qxf3 18. Qxf3 Nxf3 19. Nd4 Nfe5 20. Nb5 Kf8 21. Bd3 Ke7 22. Rhf1 a6 23. Nd4 b5 24. Nf3 Bb7 25. Nxe5 Nxe5 26. Rf2 Rf8 27. Rdf1 Rxf2 28. Rxf2 g5 29. Kd2 h5 30. Ke2 Ng6 31. Ke3 Nf4 32. Rh2 e5 33. Be2 d5 34. Bf3 d4+ 35. Kd2 Bc8 36. Bg2 Kf6 37. Bf1 Bb7 38. Bd3 Bc8 39. Bf1 Bb7 40. Bd3 Bc8 41. Bf1 Bb7 1/2-1/2

[Event "SVK-chT3A2 1617"]
[Site "Slovakia"]
[Date "2017.03.19"]
[Round "11.3"]
[White "Lanik, Miroslav"]
[Black "Chabada, Tomas1111"]
[Result "0-1"]
[WhiteElo "1876"]
[BlackElo "1940"]
[PlyCount "122"]
[EventDate "2016.10.16"]
[EventType "team-tourn"]
[EventRounds "11"]
[EventCountry "SVK"]
[SourceTitle "EXT 2020"]
[Source "ChessBase"]
[SourceDate "2019.10.17"]
[SourceVersion "1"]
[SourceVersionDate "2019.10.17"]
[SourceQuality "1"]
[WhiteTeam "Senica SK"]
[BlackTeam "Holic"]
[WhiteTeamCountry "SVK"]
[BlackTeamCountry "SVK"]

1. e4 e5 2. d4 exd4 3. Qxd4 Nc6 4. Qe3 Nf6 5. Nc3 Bb4 6. Bd2 0-0 7. 0-0-0 d6 8. h3 Re8 9. Bc4 Be6 10. Bxe6 Rxe6 11. Nge2 Bc5 12. Qf4 Ne5 13. Be3 Ng6 14. Qf3 Nh4 15. Qg3 Bxe3+ 16. Qxe3 Qe8 17. Qg5 Ng6 18. f3 Re5 19. Qd2 b5 20. Nf4 Nxf4 21. Qxf4 b4 22. Nd5 Nxd5 23. Rxd5 Qa4 24. Rxe5 dxe5 25. Qxe5 Qxa2 26. Qd5 Qxd5 27. exd5 Rd8 28. Rd1 Kf8 29. c4 bxc3 30. bxc3 Ke7 31. c4 Kd6 32. Kc2 Kc5 33. Kc3 Re8 34. Kd3 Rb8 35. Ra1 Rb3+ 36. Kc2 Rb4 37. Rxa7 Rxc4+ 38. Kd3 Kxd5 39. Ra5+ Rc5 40. Ra7 Kd6 41. Ra6+ Rc6 42. Ra8 h5 43. Re8 Ra6 44. Re2 c5 45. Kc3 Ra3+ 46. Kc4 Ra4+ 47. Kc3 g6 48. Kb3 Rb4+ 49. Kc3 Kd5 50. Re7 Rf4 51. Rd7+ Ke5 52. Rc7 Kd6 53. Rc8 Ra4 54. Rd8+ Ke6 55. Re8+ Kf5 56. Kb3 Rb4+ 57. Kc3 Kf4 58. Re7 f5 59. Re6 g5 60. Rc6 Kg3 61. Rxc5 Rf4 0-1

[Event "SVK-chT3A2 1617"]
[Site "Slovakia"]
[Date "2016.11.13"]
[Round "3.6"]
[White "Lanik, Miroslav"]
[Black "Merva, Frantisek"]
[Result "0-1"]
[WhiteElo "1876"]
[BlackElo "2100"]
[PlyCount "96"]
[EventDate "2016.10.16"]
[EventType "team-tourn"]
[EventRounds "11"]
[EventCountry "SVK"]
[SourceTitle "EXT 2020"]
[Source "ChessBase"]
[SourceDate "2019.10.17"]
[SourceVersion "1"]
[SourceVersionDate "2019.10.17"]
[SourceQuality "1"]
[WhiteTeam "Senica SK"]
[BlackTeam "Dunajska Streda II"]
[WhiteTeamCountry "SVK"]
[BlackTeamCountry "SVK"]

1. e4 c6 2. d4 d5 3. e5 Bf5 4. Ne2 e6 5. Ng3 Bg6 6. h4 h6 7. h5 Bh7 8. Bd3 Bxd3 9. cxd3 c5 10. dxc5 Bxc5 11. d4 Be7 12. 0-0 Nc6 13. Be3 Qb6 14. Nd2 Kf8 15. Nb3 Rd8 16. Rc1 a5 17. Qe2 a4 18. Nc5 Bxc5 19. Rxc5 Nge7 20. f4 g6 21. Qb5 Qxb5 22. Rxb5 Rd7 23. Rd1 Kg7 24. Kf2 Ra8 25. Rc5 Ra6 26. Rd2 Rb6 27. Rc3 Rd8 28. hxg6 fxg6 29. b3 Ra8 30. Ne2 axb3 31. Rxb3 Rxb3 32. axb3 Ra3 33. Rd3 Ra2 34. Kf3 h5 35. Nc3 Rc2 36. Na4 Nf5 37. Bf2 b5 38. Nc5 Ncxd4+ 39. Bxd4 Nxd4+ 40. Rxd4 Rxc5 41. Ke3 Rc3+ 42. Rd3 b4 43. Kd4 Rxd3+ 44. Kxd3 g5 45. fxg5 Kg6 46. Kd4 Kxg5 47. Kc5 Kf4 48. Kxb4 Ke3 0-1

[Event "SVK-chT3A2 1516"]
[Site "Slovakia"]
[Date "2016.04.10"]
[Round "11.1"]
[White "Lanik, Miroslav"]
[Black "Gajarsky, Roman"]
[Result "1/2-1/2"]
[WhiteElo "1906"]
[BlackElo "1741"]
[PlyCount "51"]
[EventDate "2015.10.11"]
[EventType "team-tourn"]
[EventRounds "11"]
[EventCountry "SVK"]
[SourceTitle "EXT 2020"]
[Source "ChessBase"]
[SourceDate "2019.10.17"]
[SourceVersion "1"]
[SourceVersionDate "2019.10.17"]
[SourceQuality "1"]
[WhiteTeam "Senica SK"]
[BlackTeam "Hlohovec"]
[WhiteTeamCountry "SVK"]
[BlackTeamCountry "SVK"]

1. e4 d6 2. d4 Nd7 3. Nc3 c5 4. Nf3 a6 5. a4 b6 6. Bd3 Bb7 7. d5 Ngf6 8. 0-0 Ng4 9. h3 Nge5 10. Nxe5 Nxe5 11. f4 Nxd3 12. Qxd3 g6 13. e5 Bg7 14. Re1 0-0 15. b3 Qc7 16. e6 f5 17. Bb2 Rac8 18. Nd1 c4 19. bxc4 Qxc4 20. Bxg7 Kxg7 21. Ne3 Qxf4 22. c4 a5 23. Rab1 Ba6 24. Rec1 Rb8 25. Rc3 Rfc8 26. Rbc1 1/2-1/2

[Event "SVK-chT3A2 1516"]
[Site "Slovakia"]
[Date "2016.03.06"]
[Round "9.2"]
[White "Nemeckay, Rastislav"]
[Black "Lanik, Miroslav"]
[Result "1-0"]
[WhiteElo "1983"]
[BlackElo "1906"]
[PlyCount "33"]
[EventDate "2015.10.11"]
[EventType "team-tourn"]
[EventRounds "11"]
[EventCountry "SVK"]
[SourceTitle "EXT 2020"]
[Source "ChessBase"]
[SourceDate "2019.10.17"]
[SourceVersion "1"]
[SourceVersionDate "2019.10.17"]
[SourceQuality "1"]
[WhiteTeam "Senica CVC"]
[BlackTeam "Senica SK"]
[WhiteTeamCountry "SVK"]
[BlackTeamCountry "SVK"]

1. e4 c5 2. b3 d6 3. Bb2 Nc6 4. Nf3 e6 5. d4 cxd4 6. Nxd4 Bd7 7. g3 Nf6 8. Bg2 Be7 9. 0-0 Nxd4 10. Qxd4 Qc7 11. c4 Bc6 12. Nc3 a6 13. Rac1 Rd8 14. Nd5 Qb8 15. Nxe7 Kxe7 16. Ba3 e5 17. Qxe5+ 1-0

[Event "SVK-chT4 A21 1516"]
[Site "Slovakia"]
[Date "2016.01.10"]
[Round "6.2"]
[White "Lanik, Miroslav"]
[Black "Sobek, Michal"]
[Result "1/2-1/2"]
[WhiteElo "1906"]
[BlackElo "1931"]
[PlyCount "62"]
[EventDate "2015.10.04"]
[EventType "team-tourn"]
[EventRounds "11"]
[EventCountry "SVK"]
[SourceTitle "CBM 170 Extra"]
[Source "ChessBase"]
[SourceDate "2016.02.25"]
[SourceVersion "1"]
[SourceVersionDate "2016.02.25"]
[SourceQuality "1"]
[WhiteTeam "Senica SK II"]
[BlackTeam "Stefanov"]
[WhiteTeamCountry "SVK"]
[BlackTeamCountry "SVK"]

1. e4 e5 2. d4 exd4 3. Qxd4 Nc6 4. Qe3 g6 5. Nc3 Bg7 6. Bd2 d6 7. 0-0-0 Be6 8. Kb1 Nge7 9. f3 Qd7 10. Nge2 f5 11. Nf4 Bh6 12. Qe1 Bf7 13. Nfd5 Bxd2 14. Rxd2 0-0-0 15. Bb5 Qe6 16. Nxe7+ Nxe7 17. Re2 f4 18. Qf2 Kb8 19. Ba4 Qe5 20. Bb3 Bxb3 21. axb3 Nc6 22. Rd1 Qh5 23. Qg1 g5 24. h3 Qh4 25. Qe1 Rhg8 26. Nd5 Rdf8 27. Qc3 Rf7 28. Nb4 Ne5 29. Nd3 Nxd3 30. Qxd3 h5 31. e5 Rd7 1/2-1/2

[Event "SVK-chT4 A21 1516"]
[Site "Slovakia"]
[Date "2015.10.18"]
[Round "2.4"]
[White "Lanik, Miroslav"]
[Black "Zlamal, Marek"]
[Result "1/2-1/2"]
[WhiteElo "1906"]
[BlackElo "1697"]
[PlyCount "29"]
[EventDate "2015.10.04"]
[EventType "team-tourn"]
[EventRounds "11"]
[EventCountry "SVK"]
[SourceTitle "CBM 170 Extra"]
[Source "ChessBase"]
[SourceDate "2016.02.25"]
[SourceVersion "1"]
[SourceVersionDate "2016.02.25"]
[SourceQuality "1"]
[WhiteTeam "Senica SK II"]
[BlackTeam "Skalica III"]
[WhiteTeamCountry "SVK"]
[BlackTeamCountry "SVK"]

1. e4 c5 2. Nf3 Nc6 3. d4 cxd4 4. Nxd4 e5 5. Nb5 a6 6. Nd6+ Bxd6 7. Qxd6 Qf6 8. Qd1 Nge7 9. Nc3 0-0 10. Be3 b5 11. Be2 d6 12. 0-0 Rb8 13. f4 exf4 14. Bxf4 Ne5 15. Be3 1/2-1/2

[Event "SVK-chT3A2 1415"]
[Site "Slovakia"]
[Date "2015.03.08"]
[Round "10.2"]
[White "Hirmajer, Jan"]
[Black "Lanik, Miroslav"]
[Result "1/2-1/2"]
[WhiteElo "1966"]
[BlackElo "1895"]
[PlyCount "60"]
[EventDate "2014.10.19"]
[EventType "team-tourn"]
[EventRounds "11"]
[EventCountry "SVK"]
[SourceTitle "EXT 2019"]
[Source "ChessBase"]
[SourceDate "2018.10.10"]
[SourceVersion "1"]
[SourceVersionDate "2018.10.10"]
[SourceQuality "1"]

1. c4 e5 2. Nc3 Nf6 3. d3 Nc6 4. g3 d5 5. cxd5 Nxd5 6. Bg2 Be6 7. Nf3 Be7 8. 0-0 0-0 9. Bd2 Nb6 10. a3 f5 11. a4 a5 12. Qc1 h6 13. Be3 Bf6 14. Bc5 Rf7 15. Nd2 Nd5 16. Nb5 Nd4 17. Bxd4 exd4 18. Nb3 Nb4 19. Nc5 Bd5 20. Nxb7 Qe7 21. Bxd5 Nxd5 22. Qc6 Nb4 23. Qf3 Re8 24. Nxa5 Qxe2 25. Qxe2 Rxe2 26. Nc4 Nxd3 27. Rad1 Nxb2 28. Nxb2 Rxb2 29. Nxd4 Ra2 30. Nxf5 Rxa4 1/2-1/2

[Event "SVK-chT3A2 1415"]
[Site "Slovakia"]
[Date "2015.02.22"]
[Round "9.6"]
[White "Kalmar, Tamas"]
[Black "Lanik, Miroslav"]
[Result "1/2-1/2"]
[WhiteElo "1966"]
[BlackElo "1895"]
[PlyCount "81"]
[EventDate "2014.10.19"]
[EventType "team-tourn"]
[EventRounds "11"]
[EventCountry "SVK"]
[SourceTitle "EXT 2019"]
[Source "ChessBase"]
[SourceDate "2018.10.10"]
[SourceVersion "1"]
[SourceVersionDate "2018.10.10"]
[SourceQuality "1"]

1. d4 d5 2. c4 c6 3. Nc3 Nf6 4. Nf3 e6 5. Bg5 Nbd7 6. e3 Qa5 7. Nd2 Bb4 8. Qc2 0-0 9. a3 Ne4 10. Ndxe4 dxe4 11. Bf4 Bxc3+ 12. Qxc3 Qxc3+ 13. bxc3 Nf6 14. Be2 b6 15. 0-0 Ba6 16. a4 Nd7 17. Rfd1 Rfe8 18. Bd6 Bb7 19. a5 c5 20. Ra2 Rac8 21. axb6 axb6 22. Ra7 Bc6 23. d5 Ra8 24. Rda1 Rxa7 25. Rxa7 Ra8 26. dxc6 Rxa7 27. cxd7 Rxd7 28. Bb8 Kf8 29. Kf1 Ke7 30. Ke1 f6 31. Bg3 e5 32. f3 exf3 33. gxf3 Ra7 34. f4 Ra1+ 35. Bd1 exf4 36. exf4 f5 37. Kd2 Ke6 38. Bh4 Ra2+ 39. Bc2 Ra7 40. Ke3 Ra2 41. Kd2 1/2-1/2

[Event "SVK-chT4A21 1415"]
[Site "Slovakia"]
[Date "2015.01.18"]
[Round "7.1"]
[White "Brunovsky, Peter"]
[Black "Lanik, Miroslav"]
[Result "1-0"]
[WhiteElo "1869"]
[BlackElo "1895"]
[PlyCount "119"]
[EventDate "2014.10.12"]
[EventType "team-tourn"]
[EventRounds "11"]
[EventCountry "SVK"]
[SourceTitle "EXT 2022"]
[Source "ChessBase"]
[SourceDate "2021.10.06"]
[SourceVersion "1"]
[SourceVersionDate "2021.10.06"]
[SourceQuality "1"]
[WhiteTeam "Gbely Nafta II"]
[BlackTeam "Senica Dragon II"]
[WhiteTeamCountry "SVK"]
[BlackTeamCountry "SVK"]

1. d4 d5 2. Nf3 Nf6 3. Bf4 e6 4. e3 c6 5. c3 Bd6 6. Nbd2 Qc7 7. Ne5 Nbd7 8. Ndf3 b6 9. Be2 0-0 10. 0-0 Bb7 11. Rc1 Rac8 12. Kh1 Ne4 13. Nxd7 Qxd7 14. Ne5 Qe7 15. f3 Nf6 16. g4 Nd7 17. Nxd7 Qxd7 18. Bxd6 Qxd6 19. f4 c5 20. g5 f5 21. Qe1 g6 22. Qh4 Rc7 23. Rf3 Rg7 24. Qh6 Rff7 25. Rcf1 Rc7 26. Rh3 Qf8 27. Rff3 Rgf7 28. Qxf8+ Kxf8 29. Rh6 Ke7 30. h4 Kd6 31. Rh3 Rg7 32. h5 c4 33. hxg6 hxg6 34. Kg2 b5 35. Rh8 a6 36. Rf8 Rcf7 37. Rhh8 Rxf8 38. Rxf8 Ke7 39. Rb8 Kd6 40. Bd1 Kc7 41. Rh8 Bc8 42. Kg3 a5 43. Bf3 b4 44. Bd1 Kd7 45. Ba4+ Kc7 46. Be8 Bd7 47. Bxd7 Rxd7 48. Rg8 a4 49. a3 bxc3 50. bxc3 Kd6 51. Rxg6 Rb7 52. Rh6 Rb3 53. Rh7 Rxc3 54. g6 Rc1 55. Rh2 Rg1+ 56. Kf3 Rxg6 57. Rb2 Rg7 58. Rb6+ Kc7 59. Ra6 c3 60. Ra7+ 1-0

[Event "SVK-chT3A2 1415"]
[Site "Slovakia"]
[Date "2014.11.16"]
[Round "3.4"]
[White "Lanik, Miroslav"]
[Black "Londin, Martin"]
[Result "0-1"]
[WhiteElo "1895"]
[BlackElo "1954"]
[PlyCount "84"]
[EventDate "2014.10.19"]
[EventType "team-tourn"]
[EventRounds "11"]
[EventCountry "SVK"]
[SourceTitle "EXT 2019"]
[Source "ChessBase"]
[SourceDate "2018.10.10"]
[SourceVersion "1"]
[SourceVersionDate "2018.10.10"]
[SourceQuality "1"]

1. e4 e5 2. Nf3 Nc6 3. Bb5 a6 4. Ba4 Nf6 5. 0-0 b5 6. Bb3 Be7 7. Re1 d6 8. c3 Na5 9. Bc2 c5 10. h3 Bb7 11. d4 Qc7 12. d5 0-0 13. Nbd2 Bc8 14. Nf1 Nb7 15. Qe2 Bd7 16. Bg5 h6 17. Bxf6 Bxf6 18. a4 g6 19. Ne3 Bg7 20. c4 b4 21. Nd2 Qd8 22. Rf1 a5 23. f3 Qg5 24. Kh1 h5 25. Qf2 Bh6 26. Rae1 h4 27. Re2 f5 28. b3 Qh5 29. Rg1 Bf4 30. Ndf1 Bg3 31. Nxg3 hxg3 32. Qe1 f4 33. Ng4 Kg7 34. Rf1 Rh8 35. Kg1 Nd8 36. Rd2 Nf7 37. Qe2 Rh7 38. Bd1 Rah8 39. Qd3 Ng5 40. Qe2 Nxh3+ 41. gxh3 Qxh3 42. Qg2 Bxg4 0-1

[Event "SVK-chT4A21 1415"]
[Site "Slovakia"]
[Date "2014.11.09"]
[Round "3.1"]
[White "Lanik, Miroslav"]
[Black "Nemeckay, Rastislav"]
[Result "1/2-1/2"]
[WhiteElo "1895"]
[BlackElo "1985"]
[PlyCount "35"]
[EventDate "2014.10.12"]
[EventType "team-tourn"]
[EventRounds "11"]
[EventCountry "SVK"]
[SourceTitle "EXT 2022"]
[Source "ChessBase"]
[SourceDate "2021.10.06"]
[SourceVersion "1"]
[SourceVersionDate "2021.10.06"]
[SourceQuality "1"]
[WhiteTeam "Senica Dragon II"]
[BlackTeam "Stefanov"]
[WhiteTeamCountry "SVK"]
[BlackTeamCountry "SVK"]

1. e4 e5 2. Nf3 Nc6 3. Bb5 a6 4. Ba4 Nf6 5. 0-0 b5 6. Bb3 Be7 7. Re1 d6 8. c3 0-0 9. h3 Na5 10. Bc2 c5 11. d4 Qc7 12. d5 Nc4 13. Nbd2 Nxd2 14. Bxd2 Ne8 15. a4 bxa4 16. c4 Qb7 17. Bc3 g6 18. Bxa4 1/2-1/2

[Event "SVK-chT4A21 1314"]
[Site "Slovakia"]
[Date "2014.03.30"]
[Round "11.1"]
[White "Lanik, Miroslav"]
[Black "Hudacek, Josef"]
[Result "1/2-1/2"]
[WhiteElo "1925"]
[BlackElo "2040"]
[PlyCount "38"]
[EventDate "2013.10.06"]
[EventType "team-tourn"]
[EventRounds "11"]
[EventCountry "SVK"]
[SourceTitle "EXT 2022"]
[Source "ChessBase"]
[SourceDate "2021.10.06"]
[SourceVersion "1"]
[SourceVersionDate "2021.10.06"]
[SourceQuality "1"]
[WhiteTeam "Senica Dragon"]
[BlackTeam "Skalica II"]
[WhiteTeamCountry "SVK"]
[BlackTeamCountry "SVK"]

1. e4 e5 2. Nf3 Nc6 3. Bb5 a6 4. Ba4 Nf6 5. 0-0 Nxe4 6. d4 b5 7. Bb3 d5 8. dxe5 Be6 9. Nbd2 Nc5 10. c3 Nxb3 11. Nxb3 Be7 12. h3 0-0 13. Re1 Re8 14. Nfd4 Nxd4 15. cxd4 a5 16. Be3 a4 17. Nc5 Bxc5 18. dxc5 c6 19. Qd2 Qe7 1/2-1/2

[Event "SVK-chT4A21 1314"]
[Site "Slovakia"]
[Date "2014.02.09"]
[Round "8.1"]
[White "Hirmajer, Jan"]
[Black "Lanik, Miroslav"]
[Result "1-0"]
[WhiteElo "1957"]
[BlackElo "1925"]
[PlyCount "87"]
[EventDate "2013.10.06"]
[EventType "team-tourn"]
[EventRounds "11"]
[EventCountry "SVK"]
[SourceTitle "EXT 2022"]
[Source "ChessBase"]
[SourceDate "2021.10.06"]
[SourceVersion "1"]
[SourceVersionDate "2021.10.06"]
[SourceQuality "1"]
[WhiteTeam "Vrbove"]
[BlackTeam "Senica Dragon"]
[WhiteTeamCountry "SVK"]
[BlackTeamCountry "SVK"]

1. c4 e5 2. Nc3 Nf6 3. Nf3 Nc6 4. g3 d5 5. cxd5 Nxd5 6. Bg2 Be6 7. 0-0 f6 8. Qb3 Na5 9. Qa4+ Nc6 10. a3 Qd7 11. Qb5 a6 12. Qa4 Nb6 13. Qc2 Be7 14. d3 Nd5 15. e4 Nxc3 16. bxc3 Bc5 17. Bb2 Rd8 18. d4 Bc4 19. dxc5 Bxf1 20. Bxf1 0-0 21. Be2 Kh8 22. Bc1 Ne7 23. Be3 Qe6 24. Rb1 f5 25. exf5 Nxf5 26. Bg5 Rd7 27. Rb4 h6 28. Bc1 c6 29. Re4 Qf6 30. Rxe5 Rd5 31. Rxd5 cxd5 32. Bd3 Nxg3 33. hxg3 Qxf3 34. Be3 h5 35. Qe2 Qxe2 36. Bxe2 g6 37. Kf1 Kg7 38. Ke1 Kf7 39. Kd2 Re8 40. Bf3 Ke6 41. Kd3 Rd8 42. Kd4 Rd7 43. Bf4 Kf5 44. Bd6 1-0

[Event "SVK-chT4A21 1314"]
[Site "Slovakia"]
[Date "2014.01.26"]
[Round "7.1"]
[White "Lanik, Miroslav"]
[Black "Diviak, Rastislav"]
[Result "1/2-1/2"]
[WhiteElo "1925"]
[BlackElo "1998"]
[PlyCount "44"]
[EventDate "2013.10.06"]
[EventType "team-tourn"]
[EventRounds "11"]
[EventCountry "SVK"]
[SourceTitle "EXT 2022"]
[Source "ChessBase"]
[SourceDate "2021.10.06"]
[SourceVersion "1"]
[SourceVersionDate "2021.10.06"]
[SourceQuality "1"]
[WhiteTeam "Senica Dragon"]
[BlackTeam "Senica CVC II"]
[WhiteTeamCountry "SVK"]
[BlackTeamCountry "SVK"]

1. e4 d6 2. d4 Nf6 3. Nc3 g6 4. Be3 Bg7 5. Qd2 c6 6. Bh6 Bxh6 7. Qxh6 Qa5 8. Bd3 c5 9. Nge2 cxd4 10. Nxd4 Nc6 11. Nb3 Qb6 12. f3 Be6 13. 0-0-0 0-0-0 14. Rhe1 Kb8 15. Kb1 Rc8 16. Qe3 Qxe3 17. Rxe3 Rhd8 18. h3 Ne5 19. Nd4 Bc4 20. Bxc4 Nxc4 21. Red3 Ne5 22. R3d2 Nc4 1/2-1/2

[Event "SVK-chT3A2 1314"]
[Site "Slovakia"]
[Date "2014.01.19"]
[Round "7.4"]
[White "Lanik, Miroslav"]
[Black "Jablonicky, Martin"]
[Result "0-1"]
[WhiteElo "1925"]
[BlackElo "1967"]
[PlyCount "116"]
[EventDate "2013.10.13"]
[EventType "team-tourn"]
[EventRounds "11"]
[EventCountry "SVK"]
[SourceTitle "EXT 2015"]
[Source "ChessBase"]
[SourceDate "2014.11.20"]
[SourceVersion "1"]
[SourceVersionDate "2014.11.20"]
[SourceQuality "1"]
[WhiteTeam "Senica SK"]
[BlackTeam "Trnava Modranka"]
[WhiteTeamCountry "SVK"]
[BlackTeamCountry "SVK"]

1. e4 e5 2. Nf3 Nc6 3. Bb5 Nf6 4. d3 d6 5. 0-0 Be7 6. c3 0-0 7. h3 a6 8. Ba4 b5 9. Bc2 Re8 10. Nbd2 Bf8 11. Re1 g6 12. a4 Bb7 13. Nf1 Nb8 14. axb5 axb5 15. Rxa8 Bxa8 16. Bg5 Nbd7 17. Ne3 Bg7 18. Ng4 h5 19. Nxf6+ Bxf6 20. Bxf6 Qxf6 21. Qd2 Bb7 22. Ra1 Ra8 23. Rxa8+ Bxa8 24. b4 Kg7 25. Bb3 Nb6 26. Ng5 d5 27. exd5 Bxd5 28. Bxd5 Nxd5 29. Nf3 Qf5 30. c4 Nf4 31. cxb5 Qxd3 32. Qb2 f6 33. Nxe5 Qd1+ 34. Kh2 Qd6 35. Nc4 Qd5 36. Ne3 Qxb5 37. Qd4 Ne2 38. Qc4 Qe5+ 39. g3 Nd4 40. Qd5 Qxd5 41. Nxd5 c6 42. Nc3 Kf7 43. Kg2 Ke6 44. f4 f5 45. Kf2 Kd6 46. Kf1 Kc7 47. Kf2 Kb6 48. g4 hxg4 49. hxg4 Nc2 50. gxf5 gxf5 51. b5 cxb5 52. Nd5+ Kc5 53. Ne7 Nd4 54. Ke3 Kc4 55. Kd2 b4 56. Kc1 Kd3 57. Kb2 Ke4 58. Ng6 Ne2 0-1

[Event "SVK-chT4A21 1314"]
[Site "Slovakia"]
[Date "2013.10.06"]
[Round "1.1"]
[White "Slaby, Jozef"]
[Black "Lanik, Miroslav"]
[Result "1/2-1/2"]
[WhiteElo "1874"]
[BlackElo "1925"]
[PlyCount "84"]
[EventDate "2013.10.06"]
[EventType "team-tourn"]
[EventRounds "11"]
[EventCountry "SVK"]
[SourceTitle "EXT 2022"]
[Source "ChessBase"]
[SourceDate "2021.10.06"]
[SourceVersion "1"]
[SourceVersionDate "2021.10.06"]
[SourceQuality "1"]
[WhiteTeam "Chtelnica Kamenar"]
[BlackTeam "Senica Dragon"]
[WhiteTeamCountry "SVK"]
[BlackTeamCountry "SVK"]

1. c4 e5 2. Nc3 Nf6 3. d3 Nc6 4. Nf3 d5 5. cxd5 Nxd5 6. g3 f6 7. Bg2 Be6 8. 0-0 Qd7 9. Bd2 0-0-0 10. Rc1 Kb8 11. a3 g5 12. b4 h5 13. Ne4 Be7 14. Nc5 Bxc5 15. bxc5 h4 16. Rb1 hxg3 17. fxg3 Nde7 18. Qc1 Bd5 19. Qb2 b6 20. cxb6 cxb6 21. a4 e4 22. dxe4 Bxe4 23. Rbd1 Qe6 24. Bc3 Nd5 25. Rxd5 Rxd5 26. Bxf6 Rg8 27. Bc3 g4 28. Nh4 Bxg2 29. Nxg2 Rgd8 30. Rf6 Qd7 31. Ne3 Rd6 32. Rf4 Rg8 33. a5 Qb7 34. axb6 axb6 35. Nxg4 Rd1+ 36. Kf2 b5 37. Ne3 Rd7 38. Rf5 Rf7 39. Be5+ Nxe5 40. Qxe5+ Ka8 41. Qa1+ Kb8 42. Qe5+ Ka8 1/2-1/2

[Event "SVK-chT3A2 1213"]
[Site "Slovakia"]
[Date "2013.02.10"]
[Round "8.4"]
[White "Sarmir, Milos"]
[Black "Lanik, Miroslav"]
[Result "0-1"]
[WhiteElo "2067"]
[BlackElo "1945"]
[PlyCount "60"]
[EventDate "2012.10.07"]
[EventType "team-tourn"]
[EventRounds "11"]
[EventCountry "SVK"]
[SourceTitle "EXT 2015"]
[Source "ChessBase"]
[SourceDate "2014.11.20"]
[SourceVersion "1"]
[SourceVersionDate "2014.11.20"]
[SourceQuality "1"]
[WhiteTeam "Cifer"]
[BlackTeam "Senica SK"]
[WhiteTeamCountry "SVK"]
[BlackTeamCountry "SVK"]

1. d4 d5 2. c4 c6 3. Nc3 Nf6 4. e3 e6 5. Bd3 Nbd7 6. Nf3 dxc4 7. Bxc4 b5 8. Bd3 Bd6 9. 0-0 0-0 10. e4 e5 11. Bg5 Bb7 12. d5 cxd5 13. Nxb5 Nc5 14. Bc2 Ba6 15. Nxd6 Bxf1 16. Nxf7 Rxf7 17. Qxf1 Qd6 18. exd5 e4 19. Nd2 Ng4 20. f4 exf3 21. Nxf3 Rxf3 22. Qxf3 Qxh2+ 23. Kf1 Rf8 24. Bf5 Qh1+ 25. Ke2 Qxa1 26. Qxg4 Qxb2+ 27. Kd1 Qe5 28. Be6+ Kh8 29. Bd2 Ne4 30. Kc2 Rf2 0-1